Choon Mahzoon Waley Shadmaan (Record no. 8143)

MARC details
000 -LEADER
fixed length control field 00589nam a2200241 a 4500
020 ## - INTERNATIONAL STANDARD BOOK NUMBER
ISBN
082 00 - DEWEY DECIMAL CLASSIFICATION NUMBER
Classification number 891.51
Author Cutter TAF
100 ## - MAIN ENTRY--AUTHOR NAME
Author name Tafti, Jaleel Qazaq
245 ## - TITLE STATEMENT
Title Choon Mahzoon Waley Shadmaan
260 ## - PUBLICATION, DISTRIBUTION, ETC. (IMPRINT)
Place of publication Isfahan
Name of publisher Mehrayin Book Shop
Year of publication 1956
300 ## - PHYSICAL DESCRIPTION
Number of Pages 62p
500 ## - GENERAL NOTE
General note includes index and biblioraphy
505 2# - FORMATTED CONTENTS NOTE
Formatted contents note Bibliography
650 ## - SUBJECT ADDED ENTRY--TOPICAL TERM
Topical Term Persian Poetry
942 ## - ADDED ENTRY ELEMENTS (KOHA)
Koha item type Books
700 1# -
-- Tafti, Jaleel Qazaq
Holdings
Collection code Home library Current library Date acquired Cost, normal purchase price Full call number Accession Number Koha item type
  Henry Martyn Institute Library Henry Martyn Institute Library 06/01/2007 100.00 891.51 TAF 013943 Books
                   Copyright © 2026 | Henry Martyn Institute | Hyderabad | TS-500052 | INDIA | Implemented by hmi.edu.in
Hit-Count:

Powered by Koha